An introduction to database systems / (Record no. 734)
| 000 -LEADER | |
|---|---|
| fixed length control field | 00627cam a22002294a 4500 |
| 001 - CONTROL NUMBER | |
| control field | 13216768 |
| 003 - CONTROL NUMBER IDENTIFIER | |
| control field | OSt |
| 005 - DATE AND TIME OF LATEST TRANSACTION | |
| control field | 20140116120836.0 |
| 008 - FIXED-LENGTH DATA ELEMENTS--GENERAL INFORMATION | |
| fixed length control field | 030529s2004 maua b 001 0 eng |
| 020 ## - INTERNATIONAL STANDARD BOOK NUMBER | |
| International Standard Book Number | 9780321189561 |
| 040 ## - CATALOGING SOURCE | |
| Transcribing agency | DLC |
| 050 00 - LIBRARY OF CONGRESS CALL NUMBER | |
| Classification number | QA76.9.D3D38 2004 |
| 100 1# - MAIN ENTRY--PERSONAL NAME | |
| Personal name | Date, C. J. |
| 245 13 - TITLE STATEMENT | |
| Title | An introduction to database systems / |
| Statement of responsibility, etc | C.J. Date. |
| 246 30 - VARYING FORM OF TITLE | |
| Title proper/short title | Database systems |
| 250 ## - EDITION STATEMENT | |
| Edition statement | 8th ed. |
| 260 ## - PUBLICATION, DISTRIBUTION, ETC. (IMPRINT) | |
| Place of publication, distribution, etc | Boston : |
| Name of publisher, distributor, etc | Pearson/Addison Wesley, |
| Date of publication, distribution, etc | 2004. |
| 300 ## - PHYSICAL DESCRIPTION | |
| Extent | various pagings : |
| Other physical details | ill. |
| 504 ## - BIBLIOGRAPHY, ETC. NOTE | |
| Bibliography, etc | Includes bibliographical references and index. |
| 650 #0 - SUBJECT ADDED ENTRY--TOPICAL TERM | |
| Topical term or geographic name as entry element | Database management. |
| 942 ## - ADDED ENTRY ELEMENTS (KOHA) | |
| Source of classification or shelving scheme | |
| Koha item type | Book |
| Withdrawn status | Lost status | Source of classification or shelving scheme | Damaged status | Not for loan | Home library | Current library | Date acquired | Source of acquisition | Total Checkouts | Full call number | Barcode | Date last seen | Date checked out | Copy number | Price effective from | Koha item type | Total Renewals |
|---|---|---|---|---|---|---|---|---|---|---|---|---|---|---|---|---|---|
| Riara University Library | Riara University Library | 28/10/2011 | Purchase | 4 | QA76.9.D3D38 2004 | 1185/11 | 13/06/2024 | 31/05/2024 | C.1 | 28/10/2011 | Book | ||||||
| Riara University Library | Riara University Library | 28/10/2011 | Purchase | 3 | QA76.9.D3D38 2004 | 1186/11 | 02/12/2014 | 26/11/2014 | C.2 | 28/10/2011 | Book | 2 | |||||
| Riara University Library | Riara University Library | 28/10/2011 | Purchase | 10 | QA76.9.D3D38 2004 | 1184/11 | 14/08/2024 | 17/07/2024 | C.3 | 28/10/2011 | Book | 4 |
